000 00775cam a2200241 a 4500
001 000018096
005 20200929165343.0
008 710402s1970 dcuh 000 p eng d
020 _a0826200990
040 _aDO-SdBNP
_cDLC
_dDLC
_dBNPHU
082 _a821.914
_bB471s
100 1 _aBennett, John,
_d1897-1974
_939229
245 1 4 _aThe struck leviathan :
_bpoems on Moby Dick /
_cJohn Bennett.
260 _aColumbia :
_bUniversity of Missouri Press,
_c1970.
300 _a63 p. :
_bfacsíms. ;
_c20 cm.
490 1 _aA Breakthrough book
600 1 0 _aMELVILLE, HERMAN,
_d1819-1891.
_912803
650 4 _aPoesía inglesa
_96807
650 4 _aLiteratura inglesa
_ySIGLO XX
_94369
830 0 _aA Breakthrough book
_939230
910 _aCatalogación derivada
049 _aBNGR
999 _c17618
_d17618